Statistics for Songs by AgustD

Click here to take the quiz!

General Stats

  • This quiz has been taken 2 times
  • The average score is 5 of 30

Answer Stats

Answer% Correct
2016Agust D
100%
202028
50%
2020Dear my friend
50%
2016give it to me
50%
2023HUH?!
50%
2020Interlude: Set me free
50%
2020People
50%
2016so far away
50%
2016140503 at dawn
0%
2016724148
0%
2023AMYGDALA
0%
2020Burn it
0%
2020Daechwita
0%
2023D-Day
0%
2023Haegeum
0%
2020Honsool
0%
2023Interlude: Dawn
0%
2016Interlude: Dream, Reality
0%
2016Intro: DT sugA
0%
2023Life Goes On
0%
2020Moonlight
0%
2023People Pt.2
0%
2023Polar Night
0%
2023SDL
0%
2016skit
0%
2023Snooze
0%
2020Strange
0%
2016The Last
0%
2016Tony Montana
0%
2020What do you think?
0%

Score Distribution

Percentile by Number Answered

Percent of People with Each Score

Your Score History

You have not taken this quiz